MARC

Tag First Indicator Second Indicator Subfields
LEADER 00000nas a2200000 i 4500
001 in00004573421
006 m o d f
007 cr |||||||||||
008 211215c20uu9999wau x |o f| 0eng c
005 20220513182240.3
010 |a 2021237088 
035 |a (OCoLC)on1288620394 
040 |a GPO  |b eng  |e rda  |e pn  |c GPO  |d MvI 
042 |a pcc 
043 |a n-us-wa 
049 |a WWW 
074 |a 0334-B-03 (online) 
086 0 |a D 103.117/3:SE 1/ 
110 1 |a United States.  |b Army.  |b Corps of Engineers.  |b Seattle District,  |e author. 
245 1 0 |a Public notice. 
264 1 |a Seattle, Wash. :  |b Dept. of the Army, Seattle District, Corps of Engineers 
300 |a 1 online resource (volumes) 
310 |a Irregular 
336 |a text  |b txt  |2 rdacontent 
337 |a computer  |b c  |2 rdamedia 
338 |a online resource  |b cr  |2 rdacarrier 
588 0 |a Print version record. 
588 1 |a September 20, 2021 (Seattle District website, Dec. 15, 2021). 
500 |a GPO Cataloging Record Distribution Program (CRDP). 
610 1 0 |a United States.  |b Army.  |b Corps of Engineers.  |b Seattle District  |v Periodicals. 
650 0 |a Water resources development  |z Washington (State)  |z Seattle Region  |v Periodicals. 
650 0 |a River engineering  |z Washington (State)  |z Seattle Region  |v Periodicals. 
650 0 |a Environmental engineering  |z Washington (State)  |z Seattle Region  |v Periodicals. 
650 0 |a Dredging  |z Washington (State)  |z Seattle Region  |v Periodicals. 
776 0 8 |i Print version:  |a United States. Army. Corps of Engineers. Seattle District.  |t Public notice  |w (OCoLC)774699937 
856 4 0 |u https://purl.fdlp.gov/GPO/gpo172919  |t 0 
999 f f |s 6eca5f41-57f6-42ac-95e8-080d439b64b0  |i 6eca5f41-57f6-42ac-95e8-080d439b64b0  |t 0 
952 f f |a Texas A&M University  |b College Station  |c Electronic Resources  |d Available Online  |t 0  |e D 103.117/3:SE 1/  |h Superintendent of Documents classification 
998 f f |a D 103.117/3:SE 1/  |t 0  |l Available Online